British Culture #10 - Statistics

General Stats
  • This quiz has been taken 72 times
  • The average score is 7 of 10
Answer Stats
Question Answer % Correct
Nicola Sturgeon was First Minister of which country from 2014 to 2023? Scotland
94%
Which puppet shows are a traditional element of British seaside resorts? {Punch} and Judy Shows
86%
Yeoman Warders (aka Beefeaters) ceremonially guard which building? The Tower of London
80%
Which popular TV series featured the aristocratic Crawley family? Downton Abbey
74%
Singer & TV star Priscilla White was better known by which stage name? Cilla Black
62%
What has been advertised by the slogan ‘Love It Or Hate It’ since 1996? Marmite
62%
Richard Whiteley presented which quiz from its start in 1982 until 2005? Countdown
57%
Which city’s Crucible Theatre hosts the World Snooker Championship? Sheffield
57%
What is the name for the test taken by London hackney carriage drivers? The {Knowledge}
57%
Carol-Ann Duffy was the first woman to be appointed to which position? Poet Laureate
43%
No matching quizzes found
Score Distribution
Percent of People with Each Score
Percentile by Number Answered
Your Score History
You have not taken this quiz